Famous French military officers - Statistics

General Stats
  • This quiz has been taken 28 times
  • The average score is 5 of 9
Answer Stats
Hint Answer % Correct
General who later became Emperor of the French Napoléon Bonaparte
100%
General who later became the first president of the Fifth French Republic Charles de Gaulle
87%
This officer fought in the American War of Independence La Fayette
87%
This WW1 general later became leader of Vichy France Philippe Pétain
78%
He served as Supreme Allied Commander during the final year of WW1 Ferdinand Foch
48%
His unit, the 2nd Armored Division, was the first to enter Paris in 1944 Philippe de Hauteclocque (Leclerc)
43%
This officer, commander of the Old Guard during the Battle of Waterloo, made history in part thanks to an insult he would not have actually uttered Pierre Cambronne
30%
He was considered the latter's rival for the leadership of the French allied forces during WW2 Henri Giraud
17%
The main character of the movie "The Last Samurai" was mainly based on him Jules Brunet
4%
No matching quizzes found
Score Distribution
Percent of People with Each Score
Percentile by Number Answered
Your Score History
You have not taken this quiz